Normal view
MARC view
Entry Nombre personal
001 - NÚMERO DE CONTROL
- campo de control: 543
003 - IDENTIFICADOR DE NÚMERO DE CONTROL
- campo de control: CoMeUDC
005 - FECHA Y HORA DE LA ÚLTIMA TRANSACCIÓN
- campo de control: 20240624210827.0
008 - ELEMENTOS DE DATO DE LONGITUD-FIJA
- campo de control de longitud fija: 181204|| aca||aabn | a|a d
040 ## - FUENTE DE CATALOGACIÓN
- Centro catalogador/agencia de origen: CoMeUDC
100 ## - ENCABEZAMIENTO-NOMBRE DE PERSONA
- Nombre de persona: Ocampo García, José Antonio.
